000
00306nam a2200121Ia 4500
008
190216s9999||||xx |||||||||||||| ||und||
100
_a
Null
245
0
_a
Manegement Concepts And Business Ethics
260
_b
Calicut University Central Co-Operative
300
_a
218
650
_a
B.B.A
942
_c
BK
999
_c
8213
_d
8213